000 00274nam a2200109Ia 4500
005 20251222141955.0
008 251222s9999||||xx |||||||||||||| ||spa||
082 _a250.25/A78/2007
245 0 _aDirectorio EclesiƔstico 2006-2007
264 _bArzobispado de Lima
942 _cLIB
999 _c9814
_d9814